Central Asia Cities Map Quiz - Statistics

General Stats
  • This quiz has been taken 935 times
  • The average score is 9 of 14
Answers on the Map
Answers color-coded by a green-red scale on the quiz's map according to % correct below.
 
Answer Stats
Answer % Correct
Astana
81%
Kabul
78%
Bishkek
77%
Almaty
75%
Tashkent
75%
Ashgabat
71%
Urumqi
71%
Dushanbe
69%
Kandahar
63%
Turkmenbashi
61%
Samarkand
51%
Kashgar
47%
Osh
41%
Darvaza
34%
No matching quizzes found
Score Distribution
Percent of People with Each Score
Percentile by Number Answered
Your Score History
You have not taken this quiz